Wszyscy Kierowcy F1 (2020-2024) - Statystyki

Ogólne statystyki
  • Ten quiz został rozwiązany 129 razy
  • Średni wynik to 29 z 50
Statystyki odpowiedzi
Kraj Zespoły Odpowiedź % Poprawnych
Tajlandia Red Bull/Williams Alex Albon
94%
Hiszpania Alpine/Aston Martin Fernando Alonso
94%
W.Brytania Mercedes Lewis Hamilton
94%
Holandia Red Bull Max Verstappen
94%
Hiszpania McLaren/Ferrari Carlos Sainz
93%
Monako Ferrari Charles Leclerc
90%
W.Brytania McLaren Lando Norris
89%
Japonia AlphaTauri/RB Yuki Tsunoda
88%
W.Brytania Williams/Mercedes George Russell
87%
Finlandia Mercedes/Alfa Romeo/Sauber Valtteri Bottas
87%
Francja AlphaTauri/Alpine Pierre Gasly
86%
Meksyk Racing Point/Red Bull Sergio Perez
86%
Australia McLaren Oscar Piastri
85%
Polska Alfa Romeo Robert Kubica
85%
Francja Renault/Alpine Esteban Ocon
84%
Kanada Racing Point/Aston Martin Lance Stroll
82%
Niemcy Racing Point/Aston Martin/Haas Nico Hulkenberg
82%
Niemcy Ferrari/Aston Martin Sebastian Vettel
82%
Australia Renault/McLaren/AlphaTauri/RB Daniel Ricciardo
80%
Dania Haas Kevin Magnussen
80%
Finlandia Alfa Romeo Kimi Raikkonen
73%
Rosja AlphaTauri Daniił Kwiat
68%
Argentyna Williams Franco Colapinto
68%
Nowa Zelandia AlphaTauri Liam Lawson
67%
USA Williams Logan Sargeant
66%
W.Brytania Ferrari Oliver Bearman
64%
Rosja Haas Nikita Mazepin
63%
Włochy (Mercedes) Andrea Kimi Antonelli
62%
Kanada Williams Nicholas Latifi
62%
Włochy Alfa Romeo Antonio Giovinazzi
57%
Chiny Alfa Romeo/Sauber Zhou Guanyu
54%
Holandia Williams/AlphaTauri Nyck De Vries
53%
Niemcy Haas Mick Schumacher
50%
Francja Haas Romain Grosjean
49%
Australia (Alpine) Jack Doohan
38%
Brazylia Haas Pietro Fittipaldi
36%
Francja (AlphaTauri/Red Bull) Isack Hadjar
35%
Brazylia (Aston Martin) Felipe Drugovich
26%
Estonia (Red Bull) Juri Vips
21%
W.Brytania Williams Jack Aitken
19%
Dania (Mercedes) Frederik Vesti
17%
Izrael (Williams) Roy Nissany
16%
Meksyk (McLaren) Pato O'Ward
15%
Francja (Alfa Romeo) Theo Pourchaire
15%
Japonia (RB) Ayumu Iwasa
13%
Izrael/neutralny (Ferrari/Sauber) Robert Schwartzmann
12%
Hiszpania (McLaren) Alex Palou
4%
W.Brytania (Haas/Alfa Romeo) Callum Ilott
4%
W.Brytania (Red Bull) Jake Dennis
3%
USA (Williams) Zak O'Sullivan
1%
Nie znaleziono quizów pasujących do podanych kryteriów
Rozkład punktacji
Procent ludzi z każdym wynikiem
Percentyl według liczby udzielonych odpowiedzi
Twoja historia wyników
Nie rozwiązałeś tego quizu